Fatwa-fatwa mufti kerajaan Johor

Bibliographic Details
Main Author: Syed Alwi Tahir al-Haddad (Author)
Format: Book
Published: Johor Bharu : Bahagian Penerbitan Jabatan Agama Johor , c 1990
Series:Siri 2
Subjects:

MARC

LEADER 00000cam a2200000 7i4500
001 0000004759
005 20201105093000.0
008 021118s1990
090 0 0 |a BP141   |b .A412 
100 0 |a Syed Alwi Tahir al-Haddad ,   |e author 
245 0 0 |a Fatwa-fatwa mufti kerajaan Johor   |c difatwakan oleh Datuk Syed Alwi bin Tahir al-Hadad 
260 2 |a Johor Bharu :   |b Bahagian Penerbitan Jabatan Agama Johor ,   |c c 1990 
300 |a viii, 247 p. ;   |c 12 cm. 
440 0 0 |a Siri 2 
501 |a Teks Jawi 
650 0 |a Fatwas 
650 0 |a Islamic law   |z Johor 
999 |a 1000003676   |b Book   |c OPEN SHELF (30 DAYS)   |e Gong Badak Campus 
999 |a 1000003677   |b Book   |c OPEN SHELF (30 DAYS)   |e Gong Badak Campus